Prognosis of dengue fever and dengue haemorrhagic fever using bioelecterical impedance /
Saved in:
| 主要作者: | |
|---|---|
| 格式: | Thesis 图书 |
| 语言: | English |
| 出版: |
2005.
|
| 主题: | |
| 标签: |
添加标签
没有标签, 成为第一个标记此记录!
|
| LEADER | 01134cam a2200253 a 4500 | ||
|---|---|---|---|
| 001 | u715732 | ||
| 003 | SIRSI | ||
| 008 | 910820s2005 my a t 00 10 eng m | ||
| 040 | |a UMJ |d UMM | ||
| 090 | |a R856.4 |b UMP 2005 Fati | ||
| 097 | |a IN PROCESS | ||
| 100 | 0 | 0 | |a Fatimah Ibrahim. |
| 245 | 1 | 0 | |a Prognosis of dengue fever and dengue haemorrhagic fever using bioelecterical impedance / |c Fatimah Ibrahim. |
| 260 | |c 2005. | ||
| 270 | 1 | |g Fatimah Ibrahim. |a Universiti Malaya. Fakulti Kejuruteraan. Jabatan Kejuruteraan Bioperubatan. | |
| 300 | |a xix, 398 leaves : |b ill. ; |c 29 cm. | ||
| 502 | |a Thesis (Ph.D.) -- Jabatan Kejuruteraan Bioperubatan, Fakulti Kejuruteraan, Universiti Malaya, 2005. | ||
| 504 | |a Bibliography: leaves 194-212. | ||
| 650 | 0 | |a Dengue |x Prognosis. | |
| 650 | 0 | |a Impedance, Bioelectric | |
| 710 | 2 | 0 | |a Universiti Malaya. |b Jabatan Kejuruteraan Bioperubatan. |
| 596 | |a 1 7 | ||
| 999 | |a R856.4 UMP 2005 FATI |w LC |c 1 |i A512899411 |d 10/4/2011 |e 10/4/2011 |f 22/5/2007 |g 1 |l STACKS |m P01UTAMA |n 3 |r Y |s Y |t TESIS |u 22/5/2007 | ||
| 999 | |a R856.4 UMP 2005 FATI |w LC |c 1 |i A513002725 |d 23/7/2008 |f 23/7/2008 |g 1 |l STACKS |m P07JURUTER |r Y |s Y |t TESIS |u 21/7/2008 | ||
